SAGE Directions in organizational studies. (vol. 1-4) (Record no. 80298)
[ view plain ]
| 000 -LEADER | |
|---|---|
| fixed length control field | 01192nam a2200217 a 4500 |
| 008 - FIXED-LENGTH DATA ELEMENTS--GENERAL INFORMATION | |
| fixed length control field | 101101s2010 ||||||||||||||||| || u |
| 020 ## - INTERNATIONAL STANDARD BOOK NUMBER | |
| International Standard Book Number | 9781848608689 |
| 050 ## - LIBRARY OF CONGRESS CALL NUMBER | |
| Classification number | HD 31 Sag |
| 100 ## - MAIN ENTRY--PERSONAL NAME | |
| Personal name | Clegg, Stewart R |
| 245 10 - TITLE STATEMENT | |
| Title | SAGE Directions in organizational studies. (vol. 1-4) |
| Statement of responsibility, etc. | edited by Stewart R. Clegg |
| 260 ## - PUBLICATION, DISTRIBUTION, ETC. | |
| Place of publication, distribution, etc. | London: |
| Name of publisher, distributor, etc. | SAGE Publications |
| Date of publication, distribution, etc. | 2010 |
| 300 ## - PHYSICAL DESCRIPTION | |
| Extent | vols.1-4: ill. |
| 350 ## - | |
| -- | 0.00 |
| 500 ## - GENERAL NOTE | |
| General note | Set of volumes 1-4 |
| 650 ## - SUBJECT ADDED ENTRY--TOPICAL TERM | |
| Topical term or geographic name entry element | ORGANIZATIONAL BEHAVIOUR |
| 650 #0 - SUBJECT ADDED ENTRY--TOPICAL TERM | |
| Topical term or geographic name entry element | MANAGEMENT |
| 995 ## - | |
| -- | ANNEX COLLECTION (Main Library) |
| -- | 0.00 |
| -- | 741911 |
| -- | CBU-MAIN LIBRARY (Kitwe) |
| -- | 1 |
| -- | 0.00 |
| -- | HD 31 SAG |
| -- | 3 |
| -- | AVAILABLE |
| -- | Dec 6, 2010 |
| -- | 741911 |
| -- | Annex Low-Usage Collection |
| 995 ## - | |
| -- | MAIN LIBRARY OPEN ACCESS |
| -- | 0.00 |
| -- | 741912 |
| -- | CBU-MAIN LIBRARY (Kitwe) |
| -- | 1 |
| -- | 0.00 |
| -- | HD 31 SAG |
| -- | 4 |
| -- | AVAILABLE |
| -- | Dec 6, 2010 |
| -- | 741912 |
| -- | Main Library Open Access Collection |
| 995 ## - | |
| -- | MAIN LIBRARY OPEN ACCESS |
| -- | 0.00 |
| -- | 742098 |
| -- | CBU-MAIN LIBRARY (Kitwe) |
| -- | 1 |
| -- | 0.00 |
| -- | HD 31 SAG |
| -- | 1 |
| -- | AVAILABLE |
| -- | Nov 19, 2010 |
| -- | 742098 |
| -- | Main Library Open Access Collection |
| 995 ## - | |
| -- | MAIN LIBRARY OPEN ACCESS |
| -- | 0.00 |
| -- | 742099 |
| -- | CBU-MAIN LIBRARY (Kitwe) |
| -- | 1 |
| -- | 0.00 |
| -- | HD 31 SAG |
| -- | 2 |
| -- | AVAILABLE |
| -- | Nov 19, 2010 |
| -- | 742099 |
| -- | Main Library Open Access Collection |
| 999 ## - | |
| -- | 80298 |
| -- | 80298 |
| Withdrawn status | Lost status | Source of classification or shelving scheme | Damaged status | Not for loan | Permanent Location | Current Location | Shelving location | Date acquired | Total Checkouts | Full call number | Barcode | Date last seen | Copy number | Price effective from | Koha item type |
|---|---|---|---|---|---|---|---|---|---|---|---|---|---|---|---|
| CBU-MAIN LIBRARY, KITWE. | CBU-MAIN LIBRARY, KITWE. | 06/29/2023 | HD 31 Sag | 741911 | 06/29/2023 | 1 | 06/29/2023 | MONOGRAPH | |||||||
| CBU-MAIN LIBRARY, KITWE. | CBU-MAIN LIBRARY, KITWE. | 06/29/2023 | HD 31 Sag | 741912 | 06/29/2023 | 2 | 06/29/2023 | MONOGRAPH | |||||||
| CBU-MAIN LIBRARY, KITWE. | CBU-MAIN LIBRARY, KITWE. | 06/29/2023 | HD 31 Sag | 742098 | 06/29/2023 | 3 | 06/29/2023 | MONOGRAPH | |||||||
| CBU-MAIN LIBRARY, KITWE. | CBU-MAIN LIBRARY, KITWE. | 06/29/2023 | HD 31 Sag | 742099 | 06/29/2023 | 4 | 06/29/2023 | MONOGRAPH |